Zabíjam vrahov /
Leah Nachtnebelová nie je len geniálna klaviristka, ale aj lovkyňa vrahov. Po vražde jedného sériového vraha v lese ten istý večer odohrá vypredaný koncert. Dôkazy sa zdajú až príliš jasné. Polícia si je istá, že zločin je prepojený na obchod s drogami. Špeciálny agent FBI Liam Richter je jediný, kt...
Uloženo v:
| Série: | Temný zločin,
část 1 |
|---|---|
| Hlavní autor: | |
| Médium: | E-kniha |
| Jazyk: | Czech |
| Vydáno: |
Praha :
Albatros Media Slovakia s.r.o.,
2025
|
| Příbuzné jednotky: | Z cyklu::
Temný zločin |
| Tagy: |
Žádné tagy |
| LEADER | 01568nam a22002417i 4500 | ||
|---|---|---|---|
| 001 | 302704 | ||
| 007 | ta | ||
| 008 | 260514s2025 xr ||||| |||| 00| 0 cze d | ||
| 020 | |a 9788056648452 | ||
| 044 | |a xr | ||
| 100 | 1 | |a Ashman, S.T. |4 aut | |
| 245 | 1 | 0 | |a Zabíjam vrahov / |c Ashman, S.T. |
| 240 | 1 | 0 | |a I Kill Killers |
| 264 | 1 | |a Praha : |b Albatros Media Slovakia s.r.o., |c 2025 | |
| 300 | |a 1 online zdroj (304 stran) | ||
| 336 | |a text |b txt |2 rdacontent | ||
| 337 | |a bez média |b n |2 rdamedia | ||
| 338 | |a online zdroj |b cr |2 rdacarrier | ||
| 520 | 2 | |a Leah Nachtnebelová nie je len geniálna klaviristka, ale aj lovkyňa vrahov. Po vražde jedného sériového vraha v lese ten istý večer odohrá vypredaný koncert. Dôkazy sa zdajú až príliš jasné. Polícia si je istá, že zločin je prepojený na obchod s drogami. Špeciálny agent FBI Liam Richter je jediný, kto ju podozrieva. Ona je však vždy o krok pred ním. Leah sa tak ocitá v konfrontácii nielen s húževnatým agentom, ale aj s ďalším vrahom, ktorého smrtiace pudy môžu konkurovať jej samej. | |
| 787 | 0 | 8 | |g 1 |i Z cyklu: |t Temný zločin |
| 910 | |a RBIT002 | ||
| 998 | |d 426961 |a https://core.palmknihy.cz/api/books/426961/cover?tesgi3 |b https://core.palmknihy.cz/api/books/426961/cover/400?tesgi3 |c https://core.palmknihy.cz/api/books/426961/cover/50?tesgi3 |e 2029-05-17 |g 304 |i 9788056648452 |j https://core.palmknihy.cz/api/books/426961/preview.epub |k https://core.palmknihy.cz/api/books/426961/preview.pdf |l |q 49 |r 1 |s https://www.palmknihy.cz/kniha/426961 |t ebook |y 2025 |z 1 |v Temný zločin |w 1 | ||
| 999 | |d 302702 | ||